000 00620nam a22001937a 4500
005 20180704172741.0
010 _aB-270366
020 _a8183820921
035 _aB-270366
037 _bLotus Press
082 _a000
100 _aSehgal,Priya
245 _aBrain ticklers in general knowledge
_cPriya Sehgal,
260 _aNew Delhi
_bLotus Press
_c2006
270 _a4263/3,Ansari Road,Darya Ganj,New Delhi-110002
_bNew Delhi
_e110002
300 _a239p.
_c22cm(hb)
942 _2ddc
_cEN
_h000
_mSEH
999 _c152946
_d152946